000
00210 a2200109 4500
020
_a
9780892393275
041
_a
spa
100
_a
Lulu Delacre
245
_a
Oliguito de la A ala Z
942
_c
BK
952
_7
1
999
_c
21522
_d
21522